000 00717nmc a2200253 a 4500
003 AR-BaBNM
005 20251128211742.0
008 156020s2005 ||||||||||||||000 | spa||
020 _a950-518-009-8
040 _cAR-BaBNM
100 1 _aBerger, Peter L.
245 1 0 _aLa construcción social de la realidad
250 _a1ª ed.
260 _aBuenos Aires
_bAmorrortu
_c2005
300 0 _a233 p.
490 0 _aBiblioteca de sociología
500 0 _aAmbos ejemplares pertencen a la 19ª reimpresión de la 1ª ed.
650 4 _aSOCIOLOGIA DEL CONOCIMIENTO
650 4 _aTEORIA SOCIOLOGICA
700 1 _aLuckmann, Thomas
700 1 _aZuleta, Silvia
_etraductor
942 _cBK
998 _cme-solo cat
999 _c20958
_d20958